000 01141cab a2200433 4500
001 ABS47788
008 090401t1993 xxu||||| |||| 00| 0 eng d
035 _a(Sirsi) u63411
041 _aeng
245 _aEuropean costings
260 _c1993
350 _a0
490 _aBuilding
_v258(7778) 22 January 1993, 54-57 (4)
520 _aThe first of what will be a regular spot in "Building" on European building costs, labour rates and prices of materials.
650 _aBUILT ENVIRONMENT-BUILDING COSTS
650 _aBUILT ENVIRONMENT-BUILDING MATERIALS
650 _aCOSTS
650 _aEUROPE
650 _aFLATS
650 _aFRANCE
650 _aGARDINER & THEOBALD
650 _aGERMANY
650 _aHOTELS
650 _aIRELAND
650 _aITALY
650 _aLABOUR RATES
650 _aLUXEMBOURG
650 _aNETHERLANDS
650 _aPOLAND
650 _aPORTUGAL
650 _aSHOPPING CENTRES
650 _aSPAIN
650 _aSWEDEN
650 _aUNITED KINGDOM
690 _aBUILT ENVIRONMENT-BUILDING COSTS
690 _aOVERSEAS-EUROPE
942 _n0
948 _c04/03/1997
999 _c39414
_d39414